01431nab a22001937a 4500003000400000005001700004008004100021040000700062100002600069245011800095260004200213300001200255500003700267505067700304505008900981650002001070650002801090773011901118OSt20260224131247.0190506c xxu||||| |||| 00| 0 spa d cPJ aVelasco, Luis María13aLa inteligencia artificial o el nuevo "caballo de troya", para manipular a los usuarios /cLuis María Velasco. aBuenos Aires :bAbeledoPerrot,c2024. ap. 3-18 aCita: TR LALEY AR/DOC/2546/2024. aSumario: I. Exordio.— II. La IA en el mundo. Visión de los distintos organismos internacionales.— III. El inesperado asesor de la IA en el G7. El Papa Francisco.— IV. La ONU pide que se regule la Inteligencia Artificial y sus riesgos.— V. La Unión Europea regula la Inteligencia Artificial.— VI. Conferencia y debate "Los cuatro jinetes del apocalipsis tecnocrático".— VII. ¿La inteligencia artificial genera empleos o destruye los existentes?— VIII. Todo lo que pueda ser digital será digital. La revolución digital.— IX. Inteligencia artificial en la periferia del capitalismo. América Latina.— X. Conclusión.— XI. Material consultado. t¿Te interesa el texto completo? Comunicate al correo: koha@justierradelfuego.gov.ar 0aDERECHO LABORAL 0aINTELIGENCIA ARTIFICIAL0 02751dBuenos Aires : AbeledoPerrot, 2013-tRevista de derecho laboral y seguridad social. Nº 22 - Noviembre 2024